000 00521nam a2200205Ia 4500
005 20250130000936.0
008 240331s9999 xx 000 0 und d
020 _a0415090091
082 _bKEI
_23449
_a304.2
245 0 _aPlaces and the Politics of Identity
260 _aLondon
_aNew York
_bRoutledge
_c1993
300 _aviii, 235 p.,
650 _aCultural Politics
650 _aIdentity
650 _aSocial Justice
650 _aPhilosophy
700 _aKeith, M
_eedt
700 _aPile, S
_eedt
942 _cL
999 _c1486
_d1486